LEADER 01614nam a2200325 u 4500 001 000000029830 003 CaOOAMICUS 005 20070226111947.0 008 970612s1980 it u000 u ita u 035 $a10764691 040 $aPUL(R)$bita 100 1 $aGioffredi, Carlo.$0(OLS)http://pul/name/24105 245 10$aNuovi studi di diritto greco e romano /$cCarlo Gioffredi. 260 $aRoma :$bPontificia Universitą Lateranense,$c1980. 300 $a282 p. ;$c24 cm 490 1 $aStudia et documenta (Pontificia Universitą lateranense. Pontificium Institutum Utriusque Iuris) ;$v4 500 $aInclude indici. 504 $aBibliografia in nota. 650 4$aDiritto romano.$0(OLS)http://pul/subject/382 650 4$aDiritto greco.$0(OLS)http://pul/subject/8507 710 2 $aPontificia Universitą Lateranense.$bPontificium Institutum Utriusque Iuris.$0(OLS)http://pul/name/1777 830 0$aStudia et documenta (Pontificia Universitą lateranense. Pontificium Institutum Utriusque Iuris) ;$v4.$0(OLS)http://pul/title/2402 850 $aPUL 852 $aPUL$W1$xDP1 Altre Collocazioni$y17$mSenza collocazione$j12$nBK-PRI$b $qStampati$B41268$CPULBib$Z2$F41268 $81 852 $aPUL$W1$xSL Diritto e Scienze Sociali 3$y79$m340. 54 COLL 1.1.4$j189782$nBK-PRI$b $qDDC 21$B41267$CPULBib$Z2$F41267 $H49061 $81 941 1 $a9 960 $aRoman law$9382 960 $aRoman law$9382 996 $6245$aNuovi studi di diritto greco e romano$9(OLS)http://pul/title/40885 996 $6260$aRoma :$bPontificia Universitą Lateranense$9(OLS)http://pul/publisher/47963 LEADER 01431nam a2200349 a 4500 001 000000125835 003 CaOOAMICUS 005 20110627122134.0 008 110627s2011 it u000 u ita r 020 $a978-88-10-40882-7 040 $aPUL$bita 082 04$a262.9 100 1 $aDe Paolis, Velasio.$0(OLS)http://pul/name/27165 245 12$aI beni temporali della Chiesa /$cVelasio De Paolis ; a cura di Alberto Perlasca. 250 $aNuova ed. aggiornata e integrata. 260 $aBologna :$bEdizioni Dehoniane,$c©2011. 300 $a335 p. ;$c21 cm 490 1 $aIl codice del Vaticano II 500 $aContiene indici. 504 $aBibliografia p. 315-326. 650 4$aBeni ecclesiastici.$0(OLS)http://pul/subject/1129 650 4$aDiritto canonico.$0(OLS)http://pul/subject/1294 700 1 $aPerlasca, Alberto,$d1960-$0(OLS)http://pul/name/36909 830 3$aIl codice del Vaticano II.$0(OLS)http://pul/title/48611 850 $aPUL 852 $aPUL$W1$xSL Diritto Canonico 3$y77$m262. 9 DEPVA 1$j144953$qDDC 21$B143962$CPULBib$Z2$F143962 $H117427 $81 941 1 $a9 996 $6020$a978-88-10-40882-7$9(OLS)http://pul/number/147593 996 $6082$a262.9$9(OLS)http://pul/classification/369 996 $6245$aI beni temporali della Chiesa$9(OLS)http://pul/title/48850 996 $6260$aBologna :$bEdizioni Dehoniane$9(OLS)http://pul/publisher/48070